000 00350nam a2200157Ia 4500
003 OSt
005 20240104165650.0
008 170524s9999 xx 000 0 und d
020 _a978-8174466198
040 _ciimt university meerut
100 _aSINGH- BD
100 _c2011
245 0 _aINDUSTRIAL RELATION
260 _aEXCEL
942 _2ddc
_c02
999 _c2843
_d2843